Samurai : (Record no. 9010)

MARC details
000 -LEADER
fixed length control field 01067nam a22002897a 4500
001 - CONTROL NUMBER
control field 9010
003 - CONTROL NUMBER IDENTIFIER
control field FISKH
005 - DATE AND TIME OF LATEST TRANSACTION
control field 20251118090417.0
008 - FIXED-LENGTH DATA ELEMENTS--GENERAL INFORMATION
fixed length control field 251114b cb ||||| |||| 00| 0 eng d
020 ## - INTERNATIONAL STANDARD BOOK NUMBER
International Standard Book Number 9781420689457
040 ## - CATALOGING SOURCE
Original cataloging agency FISKH
Language of cataloging eng
Transcribing agency FISKH
Modifying agency FISKH
050 ## - LIBRARY OF CONGRESS CALL NUMBER
Classification number PZ7.D8694 S
082 ## - DEWEY DECIMAL CLASSIFICATION NUMBER
Classification number 459
100 ## - MAIN ENTRY--PERSONAL NAME
Personal name Duey, Kathleen
Relator term Author
245 ## - TITLE STATEMENT
Title Samurai :
Remainder of title In the soldiers series /
Statement of responsibility, etc. by Kathleen Duey
260 ## - PUBLICATION, DISTRIBUTION, ETC.
Place of publication, distribution, etc. Westminster :
Name of publisher, distributor, etc. Teacher Created Resources ,
Date of publication, distribution, etc. 2006
300 ## - PHYSICAL DESCRIPTION
Extent 95 pages :
Other physical details color illustrations ;
Dimensions 21 cm
490 ## - SERIES STATEMENT
Series statement Time soldier :
Volume/sequential designation Book number 6.
505 ## - FORMATTED CONTENTS NOTE
Formatted contents note K<br/>
520 ## - SUMMARY, ETC.
Summary, etc. With newest member Nami serving as translator, the Time Soldiers travel to Edo, Japan, in 1700 and learn of its history from a samurai teacher, then travel further into the past to retrieve a helmet that had been stolen from the teacher during a battle.
521 8# - TARGET AUDIENCE NOTE
Target audience note 600<br/>
Source Lexile estimate<br/>
521 8# - TARGET AUDIENCE NOTE
Target audience note K<br/>
Source Raz-Plus<br/>
650 ## - SUBJECT ADDED ENTRY--TOPICAL TERM
Topical term or geographic name entry element Children's fiction
Form subdivision Fantasy
700 ## - ADDED ENTRY--PERSONAL NAME
Personal name Epstein, Eugene
Relator term Illustrator
942 ## - ADDED ENTRY ELEMENTS (KOHA)
Source of classification or shelving scheme Dewey Decimal Classification
Koha item type Books
Suppress in OPAC No
Holdings
Withdrawn status Lost status Source of classification or shelving scheme Damaged status Not for loan Home library Current library Shelving location Date acquired Total Checkouts Full call number Barcode Date last seen Copy number Price effective from Koha item type
    Dewey Decimal Classification     Footprints International School Library Network Toul Tom Poung Campus Footprints International School Library Network Toul Tom Poung Campus TTP Primary Yellow Bookshelves 11/14/2025   DUE 459 PZ7.D8694 S FISBK05188 11/14/2025 1 11/14/2025 Books